=LDR 00000nam 2200000 4500 =001 000507 =005 20250710103104 =035 ##$$a 0010-0725000369 =007 ta =008 250710################a##########0#ind## =020 ##$$a 978-623-307-045-4 =082 ##$$a 398.209 598 =084 ##$$a 398.209 598 MUT t =100 #$$a Mutiara =245 1#$$a Topeng Kayu Sudar /$c Mutiara =250 ##$$a Cetakan Pertama =260 ##$$a Jakarta Timur :$b Badan Pengembangan dan Pembinaan Bahasa,$c 2024 =300 ##$$a 24 hlm. : $b ilus. ; $c 29,7 cm =650 #4$$a Cerita Anak-Indonesia =650 #4$$a Kerajinan Topeng =856 ##$$a TBM As Suhada =990 ##$$a TBM02600260